| 000 | 02048nam a2200349 i 4500 | ||
|---|---|---|---|
| 003 | DO-SdBNP | ||
| 005 | 20260319135033.0 | ||
| 007 | ta | ||
| 008 | 100211s2020 dr a 001 0 spa d | ||
| 020 | _a9789945613551 | ||
| 040 |
_aDO-SdBNP _bspa _cBNPHU _erda |
||
| 041 | _aspa | ||
| 049 | _a | ||
| 082 | 4 |
_a972.93053 _bC357v _222 |
|
| 245 | 0 | 0 |
_aCatálogo de víctimas de la dictadura de Trujillo en los Fondos del Archivo General de la Nación / _ccoordinación, Ana Féliz ; selección de documentos, Bety Almonte, Pedro de León y Willery Domínguez |
| 264 | 4 |
_aSanto Domingo, República Dominicana : _bArchivo General de la Nación, _c©2022. |
|
| 300 |
_a304 páginas : _bilustraciones, retratos ; _c26 cm. |
||
| 336 |
_atexto _btxt _2rdacontent |
||
| 337 |
_asin mediación _bn _2rdamedia |
||
| 338 |
_avolumen _bnc _2rdacarrier |
||
| 490 | 0 |
_aArchivo General de la Nación ; _v385 |
|
| 500 | _aIncluye referencias bibliográficas y notas al pie de las páginas. | ||
| 500 | _aIncluye Índice onomástico | ||
| 505 | _aIntroducción -- Apresados, torturados y condenados por motivos políticos -- Personas acecinadas y desaparecidas -- Expropiación de bienes por el dictador y familiares -- Personas perseguidas, asiladas, deportadas, repatriadas y exiliadas -- Desafectos del régimen -- Memoria gráfica -- Las manifestaciones de exiliados dominicanos -- Juicio a expedicionarios de junio -- Cárcel La 40 -- Servicio de Inteligencia Militar (SIM) -- Adversarios políticos del régimen -- Panfleteros de Santiago -- Masacre de Palma Sola -- Torturados -- Expediciones de 1947, 1949 y 1959 -- Índice onomástico. | ||
| 590 | _aInventariado, 2021/VM | ||
| 650 | 4 |
_aDelitos políticos _xHistoria _vFuentes _yEra de Trujillo, 1930-1961 _zRepública Dominicana _91375 |
|
| 651 | 4 |
_aRepública Dominicana _xPolítica y gobierno _xHistoria _yEra de Trujillo, 1930-1961 _xFuentes _vCatálogos _978354 |
|
| 651 | 4 |
_aImpunidad _977821 |
|
| 700 | 1 |
_a Félix, Ana , _ecoordinador _4coord. _977820 |
|
| 910 | _aVMateo | ||
| 942 |
_2ddc _cLBS1 |
||
| 999 |
_c49397 _d49397 |
||